000 00598nam a2200193 a 4500
005 20140228162608.0
008 140228b1998 ck ||||| |||| 00| 0 spa d
041 _aspa
044 _ack
090 _aLB
_b01546
100 _aSmith Pardo, Allan Henrry
_912792
245 _aAbejas (Hymenoptera, Apoidae) de la zona de influencia del embalse Porce II (Antioquia, Colombia)
260 _aMedellĂ­n
_bUniversidad Nacional de Colombia
_c1998?
300 _a255 p.
650 _aHymenoptera
_94486
650 _aAbejas
_912793
662 _aColombia
_cEmbalse Porce II
_bAntioquia
942 _cImpreso
_2z
999 _c1553
_d1553